[Event "Bergamo op"]
[Site "Bergamo"]
[Date "2007.10.19"]
[Round "3"]
[White "Merletti, Vincenzo"]
[Black "Cattaneo, Dario"]
[Result "1-0"]
[WhiteElo "1554"]
[BlackElo "1517"]
[PlyCount "93"]
[EventDate "2007.10.05"]
[EventType "swiss"]
[EventRounds "7"]
[EventCountry "ITA"]
[SourceTitle "EXT 2009"]
[Source "ChessBase"]
[SourceDate "2008.11.26"]
[SourceVersion "1"]
[SourceVersionDate "2008.11.26"]
[SourceQuality "1"]

1. d4 e6 2. c4 Nf6 3. Nc3 b6 4. Nf3 Bb4 5. Bg5 Bb7 6. Qc2 Bxf3 7. exf3 Be7 8. 0-0-0 d5 9. cxd5 Nxd5 10. Bxe7 Nxe7 11. Qe4 c6 12. g4 Nd7 13. f4 Nd5 14. f5 Qg5+ 15. Kc2 N7f6 16. Qe5 Qxg4 17. fxe6 Qxe6 18. Bc4 Qxe5 19. dxe5 Nxc3 20. bxc3 Ng4 21. e6 fxe6 22. Rhe1 e5 23. f3 Nf6 24. Rxe5+ Kf8 25. Rd6 Re8 26. Rxe8+ Kxe8 27. Rxc6 Kd7 28. Bb5 Kd8 29. Ba6 Kd7 30. Bb5 Kd8 31. Rd6+ Ke7 32. Rc6 Nd5 33. Kb3 Rf8 34. Bc4 Rf5 35. Bxd5 Rxd5 36. Kc4 Rd2 37. Rc7+ Rd7 38. Rxd7+ Kxd7 39. Kd5 a6 40. a4 h6 41. f4 g6 42. h3 a5 43. c4 Kc7 44. Ke6 Kd8 45. Kf6 g5 46. fxg5 hxg5 47. Kxg5 1-0

[Event "Bergamo Province-ch"]
[Site "Bergamo"]
[Date "2006.11.24"]
[Round "8"]
[White "Merletti, Vincenzo"]
[Black "Basletta, Giovanni"]
[Result "1/2-1/2"]
[WhiteElo "1545"]
[BlackElo "1377"]
[PlyCount "104"]
[EventDate "2006.10.06"]
[EventType "swiss"]
[EventRounds "9"]
[EventCountry "ITA"]
[SourceTitle "EXT 2011"]
[Source "ChessBase"]
[SourceDate "2010.11.26"]
[SourceVersion "1"]
[SourceVersionDate "2010.11.26"]
[SourceQuality "1"]

1. d4 e6 2. c4 d5 3. Nc3 c6 4. Nf3 f5 5. e3 Nf6 6. cxd5 exd5 7. Bd3 Be7 8. 0-0 0-0 9. Nd2 Ne4 10. f3 Nxd2 11. Bxd2 Be6 12. e4 Bg5 13. Bxg5 Qxg5 14. f4 Qd8 15. Qb3 Qb6 16. Qxb6 axb6 17. exd5 cxd5 18. Rfe1 Rf6 19. Nb5 Na6 20. a3 Bd7 21. Rac1 Rf7 22. Nd6 Rf6 23. Nxb7 Bc6 24. Re7 Nb8 25. Nd8 Ra4 26. Nxc6 Nxc6 27. Re8+ Kf7 28. Rc8 Ne7 29. R8c7 Rxd4 30. Bxf5 Rxf5 31. Re1 Re4 32. Rxe4 dxe4 33. g3 Kf6 34. Kf2 Nd5 35. Rc6+ Kf7 36. a4 g5 37. Rc4 Nf6 38. Rc7+ Ke8 39. Rb7 Nd5 40. Rxh7 gxf4 41. Rh8+ Kd7 42. Rh7+ Kc8 43. Rh4 e3+ 44. Kf3 fxg3+ 45. Kxg3 e2 46. Re4 Rg5+ 47. Kf3 Nf6 48. Rxe2 Rf5+ 49. Kg2 Nd5 50. Kg3 Rg5+ 51. Kh4 Rf5 52. Kg3 Rf4 1/2-1/2

[Event "Bergamo Province-ch"]
[Site "Bergamo"]
[Date "2006.11.17"]
[Round "7"]
[White "Cattaneo, Dario"]
[Black "Merletti, Vincenzo"]
[Result "1/2-1/2"]
[WhiteElo "1508"]
[BlackElo "1545"]
[PlyCount "92"]
[EventDate "2006.10.06"]
[EventType "swiss"]
[EventRounds "9"]
[EventCountry "ITA"]
[SourceTitle "EXT 2011"]
[Source "ChessBase"]
[SourceDate "2010.11.26"]
[SourceVersion "1"]
[SourceVersionDate "2010.11.26"]
[SourceQuality "1"]

1. Nf3 d5 2. d4 Nc6 3. e3 e6 4. Bb5 Bd7 5. b3 a6 6. Bxc6 Bxc6 7. Ne5 Qd6 8. Ba3 Qd8 9. Bxf8 Kxf8 10. Nxc6 bxc6 11. Nd2 Ne7 12. Nf3 f6 13. 0-0 Kf7 14. h3 Kg8 15. Nh2 Kf7 16. Qf3 Rf8 17. Qh5+ Kg8 18. f4 Nf5 19. Qf3 Nd6 20. Rac1 Ne4 21. Qd1 Qd6 22. c4 c5 23. Rf3 cxd4 24. Qxd4 c5 25. Qd1 d4 26. exd4 cxd4 27. Qe2 f5 28. Rd1 Rfd8 29. Rfd3 Qxf4 30. Rxd4 Rxd4 31. Rxd4 e5 32. Rd3 Ng5 33. c5 Qc1+ 34. Qd1 Qxc5+ 35. Kh1 Ne4 36. Rd8+ Rxd8 37. Qxd8+ Kf7 38. Qd7+ Kg6 39. Nf3 Qc1+ 40. Kh2 Qf4+ 41. Kg1 Ng5 42. Qd6+ Kh5 43. Nxg5 Kxg5 44. Qe7+ Kh6 45. Qd6+ Kh5 46. Qd1+ Kh6 1/2-1/2

[Event "Bergamo Province-ch"]
[Site "Bergamo"]
[Date "2005.11.25"]
[Round "8"]
[White "Gerali, Paolo"]
[Black "Merletti, Vincenzo"]
[Result "1-0"]
[WhiteElo "1707"]
[BlackElo "1596"]
[PlyCount "59"]
[EventDate "2005.10.07"]
[EventType "swiss"]
[EventRounds "8"]
[EventCountry "ITA"]
[SourceTitle "EXT 2023"]
[Source "ChessBase"]
[SourceDate "2022.10.05"]
[SourceVersion "1"]
[SourceVersionDate "2022.10.05"]
[SourceQuality "1"]

1. d4 Nf6 2. c4 e6 3. Nf3 Nc6 4. Nc3 Bb4 5. Qc2 0-0 6. e4 Bxc3+ 7. bxc3 d6 8. Bd3 e5 9. Be3 Re8 10. d5 Na5 11. 0-0 b6 12. Bc1 Nd7 13. Qe2 Nc5 14. Bg5 f6 15. Be3 Nxd3 16. Qxd3 Ba6 17. Nd2 c6 18. dxc6 Nxc6 19. Qd5+ Kh8 20. Qxc6 Re7 21. Rfd1 Rc7 22. Qa4 Qc8 23. Qa3 Bxc4 24. Nxc4 Rxc4 25. Qxd6 Rxc3 26. Rac1 Rxc1 27. Rxc1 Qd8 28. Qxd8+ Rxd8 29. Kf1 Rd7 30. Rc8+ 1-0